RESEARCH THE CULTURE IN AGRI-CULTURE (Record no. 1113)
[ view plain ]
| 000 -LEADER | |
|---|---|
| fixed length control field | 00285nam a22000857a 4500 |
| 008 - FIXED-LENGTH DATA ELEMENTS--GENERAL INFORMATION | |
| fixed length control field | 150826b xxu||||| |||| 00| 0 eng d |
| 020 ## - INTERNATIONAL STANDARD BOOK NUMBER | |
| International Standard Book Number | 9780851990262 |
| 245 ## - TITLE STATEMENT | |
| Title | RESEARCH THE CULTURE IN AGRI-CULTURE |
| Remainder of title | SOCIAL RESEARCH FOR INTERNATIONAL DEVELOPMENT |
| 260 ## - PUBLICATION, DISTRIBUTION, ETC. (IMPRINT) | |
| Place of publication, distribution, etc. | CAMBRIDGE |
| Name of publisher, distributor, etc. | CABI PUBLISHING |
| Date of publication, distribution, etc. | 2006 |
No items available.